Normal view
MARC view
Entry Personal Name
001 - CONTROL NUMBER
- control field: 8735
003 - CONTROL NUMBER IDENTIFIER
- control field: HDC
005 - DATE AND TIME OF LATEST TRANSACTION
- control field: 20230624073304.0
008 - FIXED-LENGTH DATA ELEMENTS
- fixed length control field: 210130|| aca||aabn | a|a d
040 ## - CATALOGING SOURCE
- Original cataloging agency: HDC
- Transcribing agency: HDC
100 ## - HEADING--PERSONAL NAME
- Personal name: Diehl, Horst A.
670 ## - SOURCE DATA FOUND
- Source citation: Work cat.: (HDC): Diehl, Horst A., author, Food Colorants: Chemical and Functional Properties :, 2008
